[Event "4th American Continental (w)"]
[Site "San Luis ARG"]
[Date "2007.08.28"]
[Round "1.1"]
[White "Lujan, Carolina"]
[Black "Vargas Talavera, Gabriela"]
[Result "1-0"]
[WhiteElo "2394"]
[BlackElo "2118"]
[EventDate "2007.08.28"]
[PlyCount "67"]

1.e4 e6 2.d3 d5 3.Qe2 Nf6 4.Nf3 Be7 5.g3 O-O 6.Bg2 c5 7.O-O Nc6 8.e5 Nd7 
9.c4 Nb6 10.b3 f6 11.exf6 Bxf6 12.Bb2 Bxb2 13.Qxb2 Qf6 14.Qxf6 gxf6 15.Nc3
Bd7 16.Rad1 Ne7 17.Rfe1 e5 18.cxd5 Nbxd5 19.Nxd5 Nxd5 20.Nxe5 Bc6 21.Nxc6 
bxc6 22.Re6 Rad8 23.Rxc6 Nb4 24.Rxc5 Nxa2 25.Be4 Rc8 26.Rxc8 Rxc8 27.Bd5+ 
Kf8 28.Bc4 Nb4 29.Kg2 Rb8 30.h4 Nc6 31.Ra1 Rb6 32.Kf3 Ke7 33.Ke4 Kd6 34.g4
1-0

[Event "4th American Continental (w)"]
[Site "San Luis ARG"]
[Date "2007.08.28"]
[Round "1.2"]
[White "Malajovich, Sandra"]
[Black "Amura, Claudia"]
[Result "0-1"]
[WhiteElo "2095"]
[BlackElo "2344"]
[EventDate "2007.08.28"]
[PlyCount "42"]

1.d4 d5 2.c4 Nc6 3.cxd5 Qxd5 4.e3 e5 5.Nc3 Bb4 6.Bd2 Bxc3 7.bxc3 Nf6 8.Qb3
Qd6 9.Bb5 Be6 10.Qa4 Bd5 11.Nf3 O-O 12.O-O Ng4 13.c4 e4 14.cxd5 exf3 15.g3
Nxh2 16.e4 Qg6 17.Rfe1 Qh5 18.Re3 Qh3 19.Bf1 Nxf1 20.Rxf3 b5 21.Qd1 Nxd4 
0-1

[Event "4th American Continental (w)"]
[Site "San Luis ARG"]
[Date "2007.08.28"]
[Round "1.6"]
[White "Nejanky, Maisa"]
[Black "Ramon Pita, Vivian"]
[Result "1-0"]
[WhiteElo "2068"]
[BlackElo "2279"]
[EventDate "2007.08.28"]
[PlyCount "137"]

1.e4 e5 2.Nf3 Nc6 3.d4 exd4 4.Nxd4 Nf6 5.Nxc6 bxc6 6.e5 Qe7 7.Qe2 Nd5 8.c4
Nb6 9.b3 a5 10.g3 a4 11.Ba3 Qe6 12.Bxf8 Kxf8 13.b4 Nxc4 14.f4 Ba6 15.Nc3 
Nb6 16.Qe3 Bxf1 17.Rxf1 Qc4 18.a3 f5 19.Rc1 Qe6 20.Ne2 Nd5 21.Qc5+ Qe7 22.
Nd4 g6 23.Kf2 Qxc5 24.Rxc5 Ne7 25.e6 d6 26.Rc2 Kg7 27.Nxc6 Rhe8 28.Nd4 Nd5
29.Rd1 Kf6 30.Nb5 Ne7 31.Rxc7 Rec8 32.Rdc1 Rxc7 33.Nxc7 Rb8 34.Ke2 Rb7 35.
Kd3 Ng8 36.b5 Ke7 37.Rc6 Nf6 38.Kc4 Ne4 39.b6 Nc5 40.Nb5 Nxe6 41.Rxd6 Nf8 
42.Kb4 Nd7 43.Kxa4 Nxb6+ 44.Kb4 Rb8 45.Rc6 Nd7 46.a4 Kd8 47.a5 Ra8 48.Re6 
Nb8 49.h4 Na6+ 50.Kc4 Kd7 51.Rb6 Kc8 52.Rf6 Kd7 53.Rf7+ Ke6 54.Rxh7 Rc8+ 
55.Kd4 Rd8+ 56.Ke3 Nb4 57.Nd4+ Kd5 58.Rb7 Re8+ 59.Kd2 Kc4 60.Nf3 Rd8+ 61.
Ke2 Nd5 62.Ne5+ Kc5 63.a6 Nc3+ 64.Ke3 Nd5+ 65.Ke2 Nc3+ 66.Ke1 Rd1+ 67.Kf2 
Rd2+ 68.Ke3 Re2+ 69.Kd3 1-0

[Event "4th American Continental (w)"]
[Site "San Luis ARG"]
[Date "2007.08.28"]
[Round "1.7"]
[White "Burijovich, Liliana"]
[Black "Buttner, Natalia"]
[Result "1-0"]
[WhiteElo "2227"]
[BlackElo "2064"]
[EventDate "2007.08.28"]
[PlyCount "53"]

1.e4 e6 2.d4 d5 3.exd5 exd5 4.c4 Nf6 5.Nc3 Be7 6.Bd3 c6 7.Nge2 dxc4 8.Bxc4
Nbd7 9.O-O Nb6 10.Bd3 Nbd5 11.Re1 O-O 12.Bg5 Be6 13.a3 a5 14.Qc2 h6 15.Bh4
Re8 16.Bg3 Nb6 17.Nf4 Bd5 18.Nfxd5 Nbxd5 19.h3 Qb6 20.Be5 Rad8 21.Bf5 Kf8 
22.Na4 Qa7 23.Nc5 Bd6 24.Nd7+ Nxd7 25.Bxd6+ Re7 26.Rxe7 Nxe7 27.Qe4 1-0

[Event "4th American Continental (w)"]
[Site "San Luis ARG"]
[Date "2007.08.28"]
[Round "1.8"]
[White "Plazaola, Maria De los Angeles"]
[Black "Zuriel, Marisa"]
[Result "0-1"]
[WhiteElo "2061"]
[BlackElo "2184"]
[EventDate "2007.08.28"]
[PlyCount "118"]

1.e4 c5 2.Nf3 d6 3.d4 cxd4 4.Nxd4 Nf6 5.Nc3 a6 6.Bc4 e6 7.Bb3 Nbd7 8.O-O 
Nc5 9.Qf3 Qc7 10.Bg5 Be7 11.Rad1 Bd7 12.Rfe1 Rd8 13.Qg3 b5 14.Nf5 exf5 15.
Bxf6 Bxf6 16.exf5+ Kf8 17.Nd5 Qb8 18.Nxf6 Bxf5 19.Rxd6 gxf6 20.Rxf6 Qxg3 
21.Rxf7+ Kg8 22.Rxf5+ Nxb3 23.hxg3 Nd4 24.Rf6 Kg7 25.Rf4 Rhf8 26.Re7+ Kg6 
27.Rg4+ Kf6 28.Rxh7 Nxc2 29.Rh6+ Ke5 30.Rg5+ Kd4 31.Rxa6 Rfe8 32.g4 Re1+ 
33.Kh2 Re2 34.Rf6 b4 35.Rb5 Kd3 36.g5 Kc4 37.Rb7 Re5 38.g6 Rh5+ 39.Kg3 Nd4
40.g7 Rg5+ 41.Kh3 Rg8 42.Rfb6 b3 43.axb3+ Kd3 44.f4 R5xg7 45.Rxg7 Rxg7 46.
g4 Ke4 47.f5 Kf4 48.Rb4 Rh7+ 49.Kg2 Ke5 50.Kg3 Ne2+ 51.Kf3 Nd4+ 52.Kg2 Rh4
53.Rxd4 Kxd4 54.Kg3 Rh1 55.Kf4 Rf1+ 56.Kg5 Ke5 57.Kg6 Rf4 58.Kg5 Rb4 59.
Kh6 Rxg4 0-1

[Event "4th American Continental (w)"]
[Site "San Luis ARG"]
[Date "2007.08.28"]
[Round "1.9"]
[White "Justo, Virginia"]
[Black "Carraro, Denise"]
[Result "1/2-1/2"]
[WhiteElo "2148"]
[BlackElo "2048"]
[EventDate "2007.08.28"]
[PlyCount "36"]

1.e4 e6 2.d4 d5 3.exd5 exd5 4.Nf3 Bd6 5.Bd3 Nc6 6.O-O Bg4 7.c3 Nge7 8.Re1 
Qd7 9.Nbd2 O-O-O 10.b4 Ng6 11.b5 Nb8 12.Qa4 Rhe8 13.Ba3 Nf4 14.Bf1 Bxf3 
15.Nxf3 Qg4 16.Bxd6 Rxe1 17.Rxe1 Nh3+ 18.Kh1 Nxf2+ 1/2-1/2

[Event "4th American Continental (w)"]
[Site "San Luis ARG"]
[Date "2007.08.28"]
[Round "1.12"]
[White "Colautti, Marcela"]
[Black "Mateus Urbano, Martha"]
[Result "1/2-1/2"]
[WhiteElo "1929"]
[BlackElo "2127"]
[EventDate "2007.08.28"]
[PlyCount "116"]

1.d4 d5 2.c4 e6 3.Nc3 c5 4.cxd5 exd5 5.Bf4 Nc6 6.e3 c4 7.h3 Bb4 8.a3 Ba5 
9.Nf3 Bf5 10.Be2 Nge7 11.O-O O-O 12.Nb5 Qd7 13.b4 Bb6 14.Nh4 Be6 15.Nc3 f6
16.Nf3 Kh8 17.g4 Rad8 18.Qc2 Bf7 19.Bg3 Rfe8 20.Rfe1 Bc7 21.Bxc7 Qxc7 22.
Bf1 Bg6 23.Qd2 Qd7 24.Nh4 Bf7 25.Ng2 h5 26.Be2 hxg4 27.hxg4 g6 28.f3 Kg7 
29.Kf2 Rh8 30.Rh1 g5 31.Rag1 Ng6 32.Qd1 Qe7 33.Rxh8 Rxh8 34.Rh1 Rxh1 35.
Qxh1 a5 36.b5 Nd8 37.Qc1 Qd6 38.f4 Qb6 39.Bf3 gxf4 40.Nxd5 fxe3+ 41.Ngxe3 
Qxd4 42.Qxc4 Qxc4 43.Nxc4 Ne5 44.Nxe5 fxe5 45.Ke3 Ne6 46.Ne7 Kf6 47.Nf5 
Nc5 48.Nd6 b6 49.Nc8 Bc4 50.Bc6 Na4 51.Nd6 Be6 52.Ne4+ Kg7 53.g5 Nb2 54.
Nd6 Kg6 55.Ke4 Kxg5 56.Kxe5 Ba2 57.Nc8 Nc4+ 58.Kd5 Ne3+ 1/2-1/2

[Event "4th American Continental (w)"]
[Site "San Luis ARG"]
[Date "2007.08.29"]
[Round "2.1"]
[White "Burijovich, Liliana"]
[Black "Lujan, Carolina"]
[Result "1/2-1/2"]
[WhiteElo "2227"]
[BlackElo "2394"]
[EventDate "2007.08.28"]
[PlyCount "119"]

1.e4 c5 2.Nf3 Nc6 3.d4 cxd4 4.Nxd4 Nf6 5.Nc3 d6 6.Be2 e5 7.Nf3 h6 8.O-O 
Be7 9.Re1 O-O 10.h3 a6 11.Bf1 Qc7 12.a4 Nb4 13.Be3 b6 14.Nd5 Nfxd5 15.exd5
Qxc2 16.Rc1 Qxd1 17.Rexd1 Bd8 18.Rc4 a5 19.Rcc1 Bb7 20.Bc4 Rc8 21.b3 Kh8 
22.Ne1 Bg5 23.Bxg5 hxg5 24.g4 Nxd5 25.Ra1 Nf4 26.Rxd6 Nxh3+ 27.Kh2 Nxf2 
28.Rxb6 Rc7 29.Kg3 Ne4+ 30.Kh2 Nf6 31.Kg3 Rd8 32.Nc2 Ne4+ 33.Kh3 g6 34.Ne3
Kg7 35.Kh2 Rcd7 36.Ra2 Nc5 37.Kg1 Ne4 38.Rc2 Nf6 39.Rb5 Bf3 40.Rxe5 Nxg4 
41.Nxg4 Bxg4 42.Rxa5 Bf5 43.Re2 g4 44.Kf2 Rh8 45.Rae5 Rd4 46.Re7 Rf4+ 47.
Ke1 Bb1 48.Rf2 Rh1+ 49.Ke2 Rxf2+ 50.Kxf2 Rc1 51.Rxf7+ Kh6 52.a5 Rc3 53.a6 
g3+ 54.Kg1 Be4 55.Rf1 Rc2 56.Re1 Rg2+ 57.Kf1 Rf2+ 58.Kg1 Rg2+ 59.Kf1 Rf2+ 
60.Kg1 1/2-1/2

[Event "4th American Continental (w)"]
[Site "San Luis ARG"]
[Date "2007.08.29"]
[Round "2.2"]
[White "Amura, Claudia"]
[Black "Palao Galan, Maricela"]
[Result "1-0"]
[WhiteElo "2344"]
[BlackElo "2139"]
[EventDate "2007.08.28"]
[PlyCount "47"]

1.d4 d5 2.Nf3 Nf6 3.c4 e6 4.Nc3 a6 5.cxd5 exd5 6.Bg5 Be7 7.e3 O-O 8.Bd3 c5
9.dxc5 Be6 10.Rc1 Bxc5 11.Bxf6 Qxf6 12.Nxd5 Bxd5 13.Rxc5 Bxf3 14.Qxf3 Qxb2
15.O-O Nc6 16.Rb1 Qxa2 17.Rxb7 Ne5 18.Bxh7+ Kxh7 19.Qh5+ Kg8 20.Qxe5 Rfd8 
21.g3 a5 22.e4 a4 23.Rc6 a3 24.Rg6 1-0

[Event "4th American Continental (w)"]
[Site "San Luis ARG"]
[Date "2007.08.29"]
[Round "2.3"]
[White "Zuriel, Marisa"]
[Black "Sanchez Castillo, Sarai"]
[Result "1/2-1/2"]
[WhiteElo "2184"]
[BlackElo "2340"]
[EventDate "2007.08.28"]
[PlyCount "73"]

1.e4 e6 2.d3 c5 3.Nf3 Nc6 4.g3 d5 5.Nbd2 Bd6 6.Bg2 Nge7 7.O-O O-O 8.Nh4 
Rb8 9.f4 f6 10.c3 b5 11.Re1 Bc7 12.a3 a5 13.a4 b4 14.Nhf3 e5 15.fxe5 Nxe5 
16.Nxe5 Bxe5 17.Qc2 Bb7 18.Nf3 Bc7 19.e5 fxe5 20.Nxe5 Bxe5 21.Rxe5 Ng6 22.
Bg5 Qd6 23.Ree1 d4 24.cxb4 Bxg2 25.Qxg2 Rxb4 26.Re2 h6 27.Bd2 Rxb2 28.Rae1
Rf6 29.Bxa5 Rxe2 30.Qxe2 Qd5 31.Bd2 Rf5 32.a5 Ne5 33.Rf1 Rxf1+ 34.Kxf1 
Qh1+ 35.Kf2 Qxh2+ 36.Kf1 Qh1+ 37.Kf2 1/2-1/2

[Event "4th American Continental (w)"]
[Site "San Luis ARG"]
[Date "2007.08.29"]
[Round "2.4"]
[White "Marrero Lopez, Yaniet"]
[Black "Maggiolo, Elisa"]
[Result "1-0"]
[WhiteElo "2308"]
[BlackElo "2119"]
[EventDate "2007.08.28"]
[PlyCount "61"]

1.e4 c5 2.Nf3 Nc6 3.Nc3 Nf6 4.e5 Ng4 5.Ng5 Ngxe5 6.f4 Ng6 7.Qh5 e6 8.Bd3 
Nb4 9.Be4 d5 10.a3 dxe4 11.axb4 cxb4 12.Ncxe4 h6 13.Nh3 Qc7 14.O-O Qxc2 
15.Re1 Be7 16.f5 exf5 17.Nd6+ Kf8 18.Nxf7 Bc5+ 19.Kh1 Kxf7 20.Nf4 Rd8 21.
Qxg6+ Kg8 22.d4 Bf8 23.Nh5 Qc6 24.Qg3 Bd7 25.d5 Qd6 26.Bf4 Qb6 27.Re7 g6 
28.Bc7 Bxe7 29.Bxb6 Kf7 30.Bxd8 Bxd8 31.Qd6 1-0

[Event "4th American Continental (w)"]
[Site "San Luis ARG"]
[Date "2007.08.29"]
[Round "2.5"]
[White "Cori Tello, Deysi"]
[Black "Pina Vega, Sulennis"]
[Result "0-1"]
[WhiteElo "2144"]
[BlackElo "2294"]
[EventDate "2007.08.28"]
[PlyCount "84"]

1.d4 Nf6 2.c4 d6 3.Nc3 Nbd7 4.e4 e5 5.Nf3 g6 6.Be2 Bg7 7.O-O O-O 8.dxe5 
dxe5 9.Qc2 c6 10.b3 Re8 11.h3 Qc7 12.Bb2 Nh5 13.Rfe1 Nf8 14.Nd1 Ne6 15.c5 
Nhf4 16.Ne3 Nd4 17.Nxd4 exd4 18.Nc4 Qe7 19.Bf1 Qxc5 20.Qd2 Qg5 21.Kh1 Ne6 
22.Qxg5 Nxg5 23.e5 Ne6 24.Rad1 Rd8 25.Nd6 c5 26.Bc4 Rb8 27.Rd3 Bf8 28.Ne4 
b5 29.Bxe6 Bxe6 30.Rg3 Be7 31.Rd1 Bf5 32.Nd2 Bh4 33.Rf3 Bg5 34.Nf1 Bc2 35.
Re1 c4 36.h4 Bxh4 37.Rf4 c3 38.Bxc3 dxc3 39.Rxh4 Rd1 40.Rhe4 Rbd8 41.R4e2 
Rxe1 42.Rxe1 Rd1 0-1

[Event "4th American Continental (w)"]
[Site "San Luis ARG"]
[Date "2007.08.29"]
[Round "2.6"]
[White "Mateus Urbano, Martha"]
[Black "Nejanky, Maisa"]
[Result "0-1"]
[WhiteElo "2127"]
[BlackElo "2068"]
[EventDate "2007.08.28"]
[PlyCount "88"]

1.e4 c5 2.Nf3 d6 3.d4 Nf6 4.Nc3 cxd4 5.Nxd4 Nc6 6.Be2 e5 7.Nf3 h6 8.O-O 
Be7 9.Re1 O-O 10.h3 a6 11.a4 Be6 12.Bf1 Qa5 13.Bd2 Qc7 14.Be3 Rfd8 15.Nd5 
Bxd5 16.exd5 Nb4 17.c4 a5 18.Nd2 Nd7 19.Ne4 f5 20.Nc3 Nc5 21.Nb5 Qc8 22.
Ra3 Rf8 23.Qd2 Ne4 24.Qe2 Ra6 25.Rc1 Nc5 26.Re1 Ne4 27.Rd1 b6 28.Rc1 Qd7 
29.Qe1 Nc5 30.Bd2 Rfa8 31.Bxb4 axb4 32.Qxb4 Rxa4 33.Qe1 Rxa3 34.bxa3 Bh4 
35.Rc2 Rf8 36.Nc3 e4 37.Qb1 Qd8 38.Nb5 f4 39.Nd4 Qf6 40.Qxb6 Qxd4 41.Qxd6 
e3 42.Re2 Bxf2+ 43.Kh2 Bg3+ 44.Kg1 f3 0-1

[Event "4th American Continental (w)"]
[Site "San Luis ARG"]
[Date "2007.08.29"]
[Round "2.7"]
[White "Carraro, Denise"]
[Black "Colautti, Marcela"]
[Result "1-0"]
[WhiteElo "2048"]
[BlackElo "1929"]
[EventDate "2007.08.28"]
[PlyCount "69"]

1.e4 e6 2.d4 d5 3.Nc3 Nf6 4.Bg5 Be7 5.e5 Nfd7 6.Bxe7 Qxe7 7.f4 f5 8.h4 Nc6
9.Nf3 Nd8 10.Bd3 Nf7 11.Bxf5 Ndxe5 12.fxe5 exf5 13.Nxd5 Qd8 14.Nf4 O-O 15.
Qe2 Re8 16.O-O-O c6 17.Qc4 Kf8 18.Rhe1 Qc7 19.Ng5 Nxg5 20.hxg5 Qe7 21.g6 
h6 22.g4 Rd8 23.gxf5 Bxf5 24.Rd2 Ke8 25.d5 cxd5 26.Nxd5 Rxd5 27.Qxd5 Be6 
28.Qf3 Rc8 29.Kb1 Qb4 30.Qd3 Qa5 31.a3 Bf5 32.Qd5 Qa4 33.Rf1 Bxg6 34.Qf3 
Bxc2+ 35.Ka1 1-0

[Event "4th American Continental (w)"]
[Site "San Luis ARG"]
[Date "2007.08.29"]
[Round "2.8"]
[White "Ramon Pita, Vivian"]
[Black "Justo, Virginia"]
[Result "1/2-1/2"]
[WhiteElo "2279"]
[BlackElo "2148"]
[EventDate "2007.08.28"]
[PlyCount "86"]

1.d4 Nf6 2.c4 g6 3.Nf3 Bg7 4.h3 O-O 5.Nc3 d5 6.cxd5 Nxd5 7.e4 Nxc3 8.bxc3 
c5 9.Be2 Nc6 10.Be3 cxd4 11.cxd4 b6 12.Rc1 Bb7 13.O-O Rc8 14.d5 Ne5 15.
Nxe5 Bxe5 16.Qa4 Rxc1 17.Rxc1 Qb8 18.Qd7 Bd6 19.Qa4 Rd8 20.Bg4 Bf4 21.Re1 
Bxe3 22.Rxe3 Bc8 23.Be2 Qc7 24.Qa3 a5 25.Qb2 e6 26.Rc3 Qb8 27.Bf3 exd5 28.
exd5 Re8 29.Qc1 Bd7 30.Qd2 Qd6 31.g4 b5 32.Re3 b4 33.Rxe8+ Bxe8 34.Be2 a4 
35.Bc4 Bd7 36.Qd4 h6 37.Kg2 Kh7 38.f4 Kg8 39.Kf3 Qb8 40.Qe5 Qc8 41.Qd4 Qb8
42.Qe3 Qc8 43.Qd4 Qb8 1/2-1/2

[Event "4th American Continental (w)"]
[Site "San Luis ARG"]
[Date "2007.08.29"]
[Round "2.10"]
[White "Vargas Talavera, Gabriela"]
[Black "Plazaola, Maria De los Angeles"]
[Result "0-1"]
[WhiteElo "2118"]
[BlackElo "2061"]
[EventDate "2007.08.28"]
[PlyCount "84"]

1.d4 Nf6 2.c4 c5 3.d5 e6 4.Nc3 exd5 5.cxd5 d6 6.e4 g6 7.Be2 Bg7 8.Nf3 O-O 
9.O-O Re8 10.Nd2 Nbd7 11.h3 a6 12.a4 b6 13.Qc2 Rb8 14.f4 Nf8 15.Nc4 b5 16.
axb5 axb5 17.Na5 Bd7 18.Nc6 Bxc6 19.dxc6 b4 20.Nd5 Ne6 21.Bf3 Nd4 22.Qa4 
Rc8 23.c7 Rxc7 24.Nxc7 Qxc7 25.Be3 Nxf3+ 26.gxf3 Qc8 27.Kh2 Nh5 28.Qc2 Qd8
29.Rad1 Bh6 30.Qd2 Qh4 31.Rg1 Nxf4 32.Rg3 Re6 33.Qf2 Bg7 34.Bxf4 Qxf4 35.
Kh1 Bxb2 36.Rg4 Qf6 37.Rb1 Bd4 38.Qf1 Re5 39.Rd1 Re8 40.Rb1 Qe6 41.Rg5 Ra8
42.Rd5 b3 0-1

[Event "4th American Continental (w)"]
[Site "San Luis ARG"]
[Date "2007.08.29"]
[Round "2.11"]
[White "Buttner, Natalia"]
[Black "Malajovich, Sandra"]
[Result "1-0"]
[WhiteElo "2064"]
[BlackElo "2095"]
[EventDate "2007.08.28"]
[PlyCount "119"]

1.e4 c5 2.Nf3 Nc6 3.d4 cxd4 4.Nxd4 g6 5.c4 Bg7 6.Be3 Nf6 7.Nc3 Ng4 8.Qxg4 
Nxd4 9.Qd1 Ne6 10.Qd2 Qa5 11.Rc1 h5 12.b3 b6 13.Nd5 Qxd2+ 14.Kxd2 Bb7 15.
g3 Rc8 16.h4 Nc5 17.f3 e6 18.Nf4 O-O 19.Bg2 Rfd8 20.Ke2 Be5 21.Rhd1 d5 22.
exd5 exd5 23.Bh3 Ra8 24.Nxd5 Bxg3 25.Bg5 Re8+ 26.Kf1 Bxd5 27.cxd5 Kg7 28.
b4 Na6 29.d6 f6 30.d7 Red8 31.Rc8 Nc7 32.Be3 f5 33.Rxa8 Nxa8 34.Bg5 Bc7 
35.f4 b5 36.Bg2 Nb6 37.Bc6 Nc4 38.Bxd8 Bxd8 39.Ke2 Kf6 40.Bxb5 Nb6 41.Rd6+
Kf7 42.Kd3 Na8 43.Bc4+ Ke7 44.Rxg6 Kxd7 45.Be6+ Kc7 46.Bxf5 Bxh4 47.Rh6 
Bg3 48.Be4 Nb6 49.Rxh5 Bxf4 50.Rh7+ Kd6 51.Rxa7 Nd7 52.Ra6+ Kc7 53.a4 Bg3 
54.a5 Be1 55.Kc4 Ne5+ 56.Kb5 Bd2 57.Re6 Nd7 58.Bc6 Nb8 59.Be4 Nd7 60.a6 
1-0

[Event "4th American Continental (w)"]
[Site "San Luis ARG"]
[Date "2007.08.29"]
[Round "2.12"]
[White "Chang, Suzana"]
[Black "Zepeda Cortez, Sonia"]
[Result "1/2-1/2"]
[WhiteElo "2091"]
[BlackElo "2045"]
[EventDate "2007.08.28"]
[PlyCount "56"]

1.c4 e6 2.d4 d5 3.Nc3 c6 4.cxd5 exd5 5.Nf3 Nf6 6.Bg5 Be7 7.e3 O-O 8.Bd3 
Re8 9.Qc2 Nbd7 10.O-O Nf8 11.Ne5 N6d7 12.Nxd7 Bxd7 13.Bf4 Ng6 14.Bg3 Bh4 
15.Rae1 Nf8 16.b4 Bxg3 17.hxg3 g6 18.f3 Re6 19.Qe2 Qe7 20.b5 Qa3 21.Qc2 
Rae8 22.Kf2 Qd6 23.Qb3 Qe7 24.Nd1 h5 25.Rh1 Nh7 26.a4 Ng5 27.Re2 Rf6 28.
Nc3 Re6 1/2-1/2

[Event "4th American Continental (w)"]
[Site "San Luis ARG"]
[Date "2007.08.30"]
[Round "3.1"]
[White "Pina Vega, Sulennis"]
[Black "Amura, Claudia"]
[Result "1/2-1/2"]
[WhiteElo "2294"]
[BlackElo "2344"]
[EventDate "2007.08.28"]
[PlyCount "30"]

1.e4 d6 2.d4 Nf6 3.Nc3 g6 4.f4 Bg7 5.Nf3 O-O 6.Bd3 Na6 7.O-O c5 8.d5 Bg4 
9.Kh1 Nc7 10.Qe1 Bxf3 11.Rxf3 e6 12.dxe6 fxe6 13.f5 Ng4 14.Bf4 Ne5 15.Bxe5
Bxe5 1/2-1/2

[Event "4th American Continental (w)"]
[Site "San Luis ARG"]
[Date "2007.08.30"]
[Round "3.2"]
[White "Nejanky, Maisa"]
[Black "Marrero Lopez, Yaniet"]
[Result "1/2-1/2"]
[WhiteElo "2068"]
[BlackElo "2308"]
[EventDate "2007.08.28"]
[PlyCount "63"]

1.e4 e5 2.Nf3 Nc6 3.d4 exd4 4.Nxd4 Qf6 5.Be3 Bc5 6.c3 Nge7 7.Bc4 b6 8.O-O 
Bb7 9.Nb5 O-O-O 10.Bxc5 bxc5 11.Nd2 a6 12.Na3 Ne5 13.Be2 d5 14.Qa4 c4 15.
b3 Qg6 16.Nc2 dxe4 17.Nxc4 Nf3+ 18.Kh1 Nh4 19.N2e3 f5 20.g3 Nd5 21.Na5 Nf3
22.Nxb7 Kxb7 23.Rad1 Nxe3 24.Qb4+ Qb6 25.Qxb6+ cxb6 26.fxe3 g6 27.Bxf3 
exf3 28.Rd4 Rc8 29.c4 b5 30.Rxf3 bxc4 31.bxc4 Rhd8 32.Rff4 1/2-1/2

[Event "4th American Continental (w)"]
[Site "San Luis ARG"]
[Date "2007.08.30"]
[Round "3.3"]
[White "Lujan, Carolina"]
[Black "Zuriel, Marisa"]
[Result "1-0"]
[WhiteElo "2394"]
[BlackElo "2184"]
[EventDate "2007.08.28"]
[PlyCount "55"]

1.e4 e5 2.Nf3 Nf6 3.Nxe5 d6 4.Nf3 Nxe4 5.Nc3 Nxc3 6.dxc3 Be7 7.Be3 Nc6 8.
Qd2 O-O 9.O-O-O Ne5 10.h4 c6 11.Bg5 Nxf3 12.gxf3 f6 13.Bf4 d5 14.Bd3 b5 
15.Rdg1 Rf7 16.h5 f5 17.Be5 Bf6 18.f4 a5 19.Rg2 Kh8 20.Qe3 b4 21.Rg6 bxc3 
22.bxc3 Bxe5 23.fxe5 Qe7 24.h6 f4 25.hxg7+ Kg8 26.Rxh7 Qa3+ 27.Kd1 Bg4+ 
28.Rxg4 1-0

[Event "4th American Continental (w)"]
[Site "San Luis ARG"]
[Date "2007.08.30"]
[Round "3.4"]
[White "Sanchez Castillo, Sarai"]
[Black "Burijovich, Liliana"]
[Result "1-0"]
[WhiteElo "2340"]
[BlackElo "2227"]
[EventDate "2007.08.28"]
[PlyCount "83"]

1.e4 c5 2.Nf3 e6 3.d4 cxd4 4.Nxd4 Qb6 5.Nb3 Qc7 6.Bd3 Nf6 7.Nc3 a6 8.a4 b6
9.O-O Bb7 10.f4 d6 11.Qe1 Nbd7 12.Qg3 Be7 13.Be3 g6 14.h3 h5 15.Qf2 h4 16.
Bd4 Rh7 17.e5 Nh5 18.Rfe1 Ng3 19.Ne4 Bxe4 20.Bxe4 Nxe4 21.Rxe4 Rc8 22.Re2 
Rh5 23.a5 b5 24.exd6 Bxd6 25.Rf1 Be7 26.Kh1 Rf5 27.Bb6 Qc4 28.Nd4 Rh5 29.
b3 Qd5 30.Nf3 Bc5 31.Bxc5 Qxc5 32.Qe1 Qc3 33.Rxe6+ fxe6 34.Qxe6+ Kd8 35.
Rd1 Qc6 36.Rd6 Qb7 37.Qf6+ Kc7 38.Rxd7+ Kxd7 39.Qf7+ Kd8 40.Qxb7 Rhc5 41.
Nd4 Ke8 42.Qxa6 1-0

[Event "4th American Continental (w)"]
[Site "San Luis ARG"]
[Date "2007.08.30"]
[Round "3.5"]
[White "Palao Galan, Maricela"]
[Black "Carraro, Denise"]
[Result "1-0"]
[WhiteElo "2139"]
[BlackElo "2048"]
[EventDate "2007.08.28"]
[PlyCount "75"]

1.d4 e6 2.c4 Nf6 3.Nc3 Bb4 4.e3 c5 5.Bd3 Nc6 6.Ne2 O-O 7.O-O cxd4 8.exd4 
d5 9.a3 dxc4 10.Bxc4 Ba5 11.Bg5 h6 12.Bh4 Bb6 13.d5 Ne5 14.Ba2 Ng6 15.Bg3 
exd5 16.Nxd5 Nxd5 17.Bxd5 Ne7 18.Bf3 Nc6 19.Qc2 Qf6 20.Rad1 Bf5 21.Qc3 
Qxc3 22.Nxc3 Rfd8 23.Nd5 Bd4 24.b4 Rac8 25.b5 Bc5 26.bxc6 bxc6 27.Nb4 Bd7 
28.Rc1 Bf8 29.Rfd1 c5 30.Na6 Ba4 31.Rxd8 Rxd8 32.h3 c4 33.Nb4 Rc8 34.Rc3 
Bc5 35.Bd5 Bb3 36.Rf3 Bd4 37.Nc6 Bf6 38.Rxf6 1-0

[Event "4th American Continental (w)"]
[Site "San Luis ARG"]
[Date "2007.08.30"]
[Round "3.6"]
[White "Ubaldo Suarez, Maria Gisela"]
[Black "Justo, Virginia"]
[Result "1-0"]
[WhiteElo "2077"]
[BlackElo "2148"]
[EventDate "2007.08.28"]
[PlyCount "95"]

1.d4 Nf6 2.c4 g6 3.Nc3 d5 4.cxd5 Nxd5 5.e4 Nxc3 6.bxc3 Bg7 7.Bc4 c5 8.Ne2 
O-O 9.O-O Nc6 10.Be3 Qc7 11.Rc1 Rd8 12.Qd2 Na5 13.Bd3 e6 14.Rfd1 b6 15.f3 
Bb7 16.Qe1 Qe7 17.Qg3 cxd4 18.cxd4 Rac8 19.Bg5 f6 20.Bf4 Rxc1 21.Rxc1 Rc8 
22.Rxc8+ Bxc8 23.Bd6 Qd8 24.Ba3 Nc6 25.Qd6 Qxd6 26.Bxd6 f5 27.e5 Bf8 28.
Bxf8 Kxf8 29.Bb5 Nb4 30.Bc4 Ke7 31.Kf2 Bd7 32.Ke3 a5 33.Kd2 g5 34.Nc3 Nc6 
35.Nb5 Be8 36.Kc3 f4 37.Nd6 Bd7 38.Ne4 h6 39.Nf6 Na7 40.Ng8+ Kf8 41.Nxh6 
b5 42.Bb3 Nc6 43.Ng4 Ke7 44.Nf6 Bc8 45.Ne4 Ba6 46.Nc5 b4+ 47.Kd2 Nxd4 48.
Nxa6 1-0

[Event "4th American Continental (w)"]
[Site "San Luis ARG"]
[Date "2007.08.30"]
[Round "3.8"]
[White "Maggiolo, Elisa"]
[Black "Buttner, Natalia"]
[Result "1/2-1/2"]
[WhiteElo "2119"]
[BlackElo "2064"]
[EventDate "2007.08.28"]
[PlyCount "32"]

1.e4 e6 2.d3 d5 3.Nd2 c5 4.g3 Nc6 5.Bg2 g6 6.Ngf3 Bg7 7.O-O Nge7 8.Qe2 h6 
9.h4 b6 10.a3 a5 11.e5 g5 12.hxg5 hxg5 13.Nxg5 Nxe5 14.f4 N5g6 15.c3 Nf5 
16.Qe1 Ra7 1/2-1/2

[Event "4th American Continental (w)"]
[Site "San Luis ARG"]
[Date "2007.08.30"]
[Round "3.10"]
[White "Colautti, Marcela"]
[Black "Ramon Pita, Vivian"]
[Result "0-1"]
[WhiteElo "1929"]
[BlackElo "2279"]
[EventDate "2007.08.28"]
[PlyCount "93"]

1.d4 g6 2.c4 c5 3.f3 Bg7 4.d5 b5 5.cxb5 a6 6.b6 Qxb6 7.Qc2 d6 8.Na3 Qb4+ 
9.Qd2 Qxd2+ 10.Kxd2 Nd7 11.e4 Rb8 12.Rb1 Nb6 13.Bd3 e6 14.dxe6 fxe6 15.Ne2
Ne7 16.b3 d5 17.Bb2 Bh6+ 18.Kd1 O-O 19.Be5 Rb7 20.Bxa6 Ra7 21.Bxc8 Nbxc8 
22.Nb5 Rxa2 23.Ra1 Rd2+ 24.Ke1 Rd3 25.Nec3 Nc6 26.Bc7 d4 27.Na4 Rxb3 28.
Nd6 Nxd6 29.Bxd6 Ra8 30.Bxc5 Rb5 31.Ke2 Rba5 32.Rhb1 Rxa4 33.Rxa4 Rxa4 34.
Rb6 Ra2+ 35.Ke1 Rc2 36.Bd6 d3 37.f4 e5 38.g3 Bf8 39.Bxf8 Kxf8 40.Kd1 Nd4 
41.Rd6 Rxh2 42.fxe5 Nb3 43.Rxd3 Nc5 44.Rd4 Ke7 45.Rc4 Nd7 46.Rc7 Ke6 47.
Ra7 0-1

[Event "4th American Continental (w)"]
[Site "San Luis ARG"]
[Date "2007.08.30"]
[Round "3.11"]
[White "Zepeda Cortez, Sonia"]
[Black "Mateus Urbano, Martha"]
[Result "1-0"]
[WhiteElo "2045"]
[BlackElo "2127"]
[EventDate "2007.08.28"]
[PlyCount "71"]

1.e4 c5 2.Nf3 d6 3.d4 Nf6 4.Nc3 cxd4 5.Nxd4 a6 6.Be3 e5 7.Nb3 Be6 8.Qd2 
Nbd7 9.f4 Qc7 10.O-O-O Rc8 11.Kb1 Be7 12.h3 b5 13.f5 Bc4 14.Bd3 b4 15.Nd5 
Bxd5 16.exd5 a5 17.Bb5 O-O 18.g4 Nb6 19.g5 Nfxd5 20.Bxb6 Nxb6 21.f6 Bd8 
22.fxg7 Kxg7 23.Nxa5 Qc5 24.Qe2 Be7 25.Nb3 Qc7 26.Bd3 d5 27.Bf5 Ra8 28.Qh5
Rh8 29.Rhf1 Bf8 30.h4 Qa7 31.Be6 fxe6 32.Qh6+ Kg8 33.Qxe6+ Kg7 34.Qxe5+ 
Kg8 35.Qe6+ Kg7 36.h5 1-0

[Event "4th American Continental (w)"]
[Site "San Luis ARG"]
[Date "2007.08.30"]
[Round "3.12"]
[White "Vargas Talavera, Gabriela"]
[Black "Chang, Suzana"]
[Result "1/2-1/2"]
[WhiteElo "2118"]
[BlackElo "2091"]
[EventDate "2007.08.28"]
[PlyCount "139"]

1.d4 Nf6 2.Bg5 e6 3.Nf3 c5 4.c3 Qb6 5.Qb3 Nc6 6.e3 Be7 7.Nbd2 d5 8.Qxb6 
axb6 9.Bb5 h6 10.Bh4 Nd7 11.Bxe7 Nxe7 12.O-O O-O 13.Rfe1 Nf5 14.Bxd7 Bxd7 
15.Ne5 Bc6 16.dxc5 bxc5 17.Nb3 c4 18.Nd4 Nxd4 19.exd4 Ba4 20.Re2 Bb3 21.a3
Rfd8 22.Rae1 h5 23.f4 g6 24.h3 Kg7 25.g3 Ba4 26.Kf2 Rd6 27.g4 hxg4 28.hxg4
Rh8 29.Kg3 Rdd8 30.g5 Rd6 31.Ng4 Kf8 32.Nh6 Rb6 33.Rd2 Ke7 34.Ree2 Bb3 35.
f5 gxf5 36.Nxf5+ Kf8 37.Nh4 Rg8 38.Kf4 Ba2 39.Re1 Rh8 40.Rh2 Rg8 41.Nf3 
Bb3 42.Ne5 Ba4 43.Ree2 Rd6 44.Ref2 Rg7 45.Rh6 Ke7 46.Rfh2 Rd8 47.Rh8 Be8 
48.R2h7 Rxh7 49.Rxh7 Kf8 50.g6 f6 51.Nf7 Rd7 52.Nh6 Rg7 53.Rh8+ Ke7 54.
Ng8+ Kd6 55.Nxf6 Bxg6 56.Rg8 Rxg8 57.Nxg8 Be4 58.Nf6 Bg6 59.Ng4 Bf5 60.Ne5
Kc7 61.Nf7 Bg6 62.Ng5 Kd6 63.Nf3 Be4 64.Nd2 Bd3 65.b3 cxb3 66.Nxb3 b6 67.
Nd2 Bf5 68.Nf3 Be4 69.Nd2 Bd3 70.Nf3 1/2-1/2